DENTISTRY FOR THE CHILD & ADOLESCENT (Record no. 3745)
[ view plain ]
| 000 -LEADER | |
|---|---|
| fixed length control field | 00348nam a2200145Ia 4500 |
| 008 - FIXED-LENGTH DATA ELEMENTS--GENERAL INFORMATION | |
| fixed length control field | 150201s2004 xx 000 0 und d |
| 082 ## - DEWEY DECIMAL CLASSIFICATION NUMBER | |
| Classification number | 617.645 |
| Item number | D2004M |
| 100 ## - MAIN ENTRY--PERSONAL NAME | |
| Personal name | McDONALD |
| 245 ## - TITLE STATEMENT | |
| Title | DENTISTRY FOR THE CHILD & ADOLESCENT |
| 250 ## - EDITION STATEMENT | |
| Edition statement | 8TH |
| 260 ## - PUBLICATION, DISTRIBUTION, ETC. (IMPRINT) | |
| Name of publisher, distributor, etc. | ELSEVIER |
| Place of publication, distribution, etc. | DELHI |
| Date of publication, distribution, etc. | 2004 |
| 300 ## - PHYSICAL DESCRIPTION | |
| Extent | 1-268 |
| 650 ## - SUBJECT ADDED ENTRY--TOPICAL TERM | |
| Topical term or geographic name as entry element | PEDODONTICS |
| 942 ## - ADDED ENTRY ELEMENTS (KOHA) | |
| Source of classification or shelving scheme | Dewey Decimal Classification |
| Koha item type | Books |
| Withdrawn status | Lost status | Source of classification or shelving scheme | Damaged status | Not for loan | Home library | Current library | Date acquired | Source of acquisition | Cost, normal purchase price | Serial Enumeration / chronology | SGTU | Bill Number | Total Checkouts | Full call number | Barcode | Date last seen | Date last checked out | Bill Date | Koha item type |
|---|---|---|---|---|---|---|---|---|---|---|---|---|---|---|---|---|---|---|---|
| Dewey Decimal Classification | SGT Dental Library | SGT Dental Library | 31/10/2007 | U.B.S.DELHI | 950.00 | 1 | SGTU | 709 | 5 | 617.645 D2004M | FD4582 | 19/04/2021 | 05/04/2021 | 17/09/2012 | Books | ||||
| Dewey Decimal Classification | SGT Dental Library | SGT Dental Library | 31/10/2007 | U.B.S.DELHI | 950.00 | 1 | SGTU | 709 | 617.645 D2004M | FD4583 | 09/02/2015 | 17/09/2012 | Books | ||||||
| Dewey Decimal Classification | SGT Dental Library | SGT Dental Library | 31/10/2007 | U.B.S.DELHI | 950.00 | 1 | SGTU | 709 | 617.645 D2004M | FD4584 | 09/02/2015 | 17/09/2012 | Books |